000 00563cam a2200181 a 4500
001 000001344
005 20200929145541.0
008 770601s1976 ag 001 p spa
040 _aDO-SdBNP
_bspa
_cBNPHU
082 _aAr861.44
_bC235e
100 1 _aCao, Omar,
_d1948-
_94515
245 1 0 _aEmigrado de la luna y otros asuntos /
_cOmar Cao.
260 _aRosario, Argentina :
_bEl Lagrimal Trifurca,
_c1976.
300 _a87 p. ;
_c17 cm.
440 0 _aEl Búho encantado ;
_vno. 8
_94516
650 4 _aPoesía argentina
_93859
650 4 _aLiteratura argentina
_93860
999 _c1273
_d1273